Ellátási lánc menedzsment, logisztikai rendszerek
| Szerző: | |
|---|---|
| További közreműködők: | |
| Dokumentumtípus: | Projektmunka |
| Kulcsszavak: | ellátási lánc - ellátó hálózat geopolitika globális hálózatok logisztika szállítmányozás |
| Online Access: | http://dolgozattar.uni-bge.hu/59884 |
MARC
| LEADER | 00000nnm a2200000 i 4500 | ||
|---|---|---|---|
| 001 | dolg59884 | ||
| 005 | 20260409145710.0 | ||
| 008 | 260409suuuu hu o 000 hun d | ||
| 040 | |a BGE Dolgozattár Repozitórium |b hun | ||
| 041 | |a hu | ||
| 100 | 1 | |a Mikola Dávid György | |
| 245 | 1 | 0 | |a Ellátási lánc menedzsment, logisztikai rendszerek |c Mikola Dávid György |h [elektronikus dokumentum] |
| 516 | |a Project_work | ||
| 520 | 3 | |a A szakdolgozatom központi témája a globális logisztika és szállítmányozás aktuális kihívásainak vizsgálata, különös tekintettel a tengeri szállítmányozásra. A dolgozatban a Kühne + Nagel nemzetközi szállítmányozó vállalat példáján keresztül mutatom be a szektor működését és a geopolitikai eseményekre adott válaszait. A cég tengeri osztályán végzett szakmai gyakorlatom során első kézből szereztem tapasztalatokat arról, hogyan alkalmazkodik egy globálisan működő vállalat a gyorsan változó piaci és biztonságpolitikai környezethez. A dolgozat két kutatási kérdés megválaszolására törekszik. Elsőként azt vizsgálom, hogy a Vörös-tengeri húszi támadások következtében növekedtek-e a hajózási társaságok bevételei a megváltozott útvonalak és megemelkedett fuvardíjak miatt. Másodsorban azt elemzem, hogy az orosz–ukrán háború hatására valóban nőtt-e a piac agilitása és digitalizáltsága, különösen a tengeri logisztika területén. A szakdolgozat célja, hogy bemutassa a globális tengeri szállítmányozás működését, a geopolitikai krízisekre adott iparági válaszokat, valamint a gyakorlati tapasztalataim alapján feltárja, hogyan reagál egy vezető logisztikai vállalat ezekre a kihívásokra a mindennapi működésében. Az elemzés kiterjed a piaci trendekre, technológiai innovációkra és a megnövekedett ügyféligények kiszolgálására irányuló megoldásokra is. | |
| 695 | |a ellátási lánc - ellátó hálózat | ||
| 695 | |a geopolitika | ||
| 695 | |a globális hálózatok | ||
| 695 | |a logisztika | ||
| 695 | |a szállítmányozás | ||
| 700 | 1 | |a Domboróczky Dr. Zoltán |e ths | |
| 856 | 4 | 0 | |u http://dolgozattar.uni-bge.hu/59884/1/BUDAPESTI%20GAZDAS%C3%81GI%20EGYETEM%20zar%C3%B3dolgozat.pdf |z Dokumentum-elérés |
| 856 | 4 | 0 | |u http://dolgozattar.uni-bge.hu/59884/2/Mikola_D%C3%A1vid_KM%20FOSZK%20b%C3%ADr%C3%A1lati%20lap.pdf |z Dokumentum-elérés |